<?xml version="1.0" encoding="UTF-8"?>
<record
    xmlns:xsi="http://www.w3.org/2001/XMLSchema-instance"
    xsi:schemaLocation="http://www.loc.gov/MARC21/slim http://www.loc.gov/standards/marcxml/schema/MARC21slim.xsd"
    xmlns="http://www.loc.gov/MARC21/slim">

  <leader>01934nam a22002777a 4500</leader>
  <controlfield tag="003">DO-SdBNP</controlfield>
  <controlfield tag="005">20240514093603.0</controlfield>
  <controlfield tag="007">ta</controlfield>
  <controlfield tag="008">210903e2021    dr ac||fr|||| 001 0 spa d</controlfield>
  <datafield tag="020" ind1=" " ind2=" ">
    <subfield code="a">9789945097153</subfield>
  </datafield>
  <datafield tag="040" ind1=" " ind2=" ">
    <subfield code="a">DO-SdBNP</subfield>
    <subfield code="b">spa</subfield>
    <subfield code="c">BNPHU</subfield>
    <subfield code="e">rda</subfield>
  </datafield>
  <datafield tag="082" ind1=" " ind2="4">
    <subfield code="2">22</subfield>
    <subfield code="b">R457c</subfield>
  </datafield>
  <datafield tag="100" ind1="1" ind2=" ">
    <subfield code="a">Reyes, Ger&#xF3;nimo</subfield>
    <subfield code="9">79740</subfield>
    <subfield code="e">autor</subfield>
  </datafield>
  <datafield tag="245" ind1="1" ind2="0">
    <subfield code="a">Crisis de racionalidad:</subfield>
    <subfield code="b">irracionalidad institucionalizada /</subfield>
    <subfield code="c">Ger&#xF3;nimo Reyes.</subfield>
  </datafield>
  <datafield tag="264" ind1=" " ind2="1">
    <subfield code="a">Santo Domingo :</subfield>
    <subfield code="b">Soto Castillo,</subfield>
    <subfield code="c">2021</subfield>
  </datafield>
  <datafield tag="300" ind1=" " ind2=" ">
    <subfield code="a">246 p&#xE1;ginas;</subfield>
    <subfield code="b">Ilustraciones., retratos ;</subfield>
    <subfield code="c">22 cm</subfield>
  </datafield>
  <datafield tag="336" ind1=" " ind2=" ">
    <subfield code="2">rdacontent</subfield>
    <subfield code="a">texto</subfield>
    <subfield code="b">txt</subfield>
  </datafield>
  <datafield tag="337" ind1=" " ind2=" ">
    <subfield code="2">rdamedia</subfield>
    <subfield code="a">sin mediaci&#xF3;n</subfield>
    <subfield code="b">n</subfield>
  </datafield>
  <datafield tag="338" ind1=" " ind2=" ">
    <subfield code="2">rdacarrier</subfield>
    <subfield code="a">volumen</subfield>
    <subfield code="b">nc</subfield>
  </datafield>
  <datafield tag="504" ind1=" " ind2=" ">
    <subfield code="a">Bibliograf&#xED;a: p&#xE1;gina 247</subfield>
  </datafield>
  <datafield tag="505" ind1=" " ind2=" ">
    <subfield code="t">Cap&#xED;tulo 1. El principio de la soberan&#xED;a.--</subfield>
    <subfield code="t">Cap&#xED;tulo 2. Objetivos comunes.--</subfield>
    <subfield code="t">Cap&#xED;tulo 3. Sistema para regular poderes de presidentes.--</subfield>
    <subfield code="t">Cap&#xED;tulo 4. Como establecer igualdad de oportunidad.--</subfield>
    <subfield code="t">Cap&#xED;tulo 5. Constituciones irracionales vs. Colapso de naciones.--</subfield>
    <subfield code="t">Cap&#xED;tulo 6. Congreso inconstitucional.--</subfield>
    <subfield code="t">Cap&#xED;tulo 7. Gobernabilidad populista.--</subfield>
    <subfield code="t">Cap&#xED;tulo 8. Caos de gobernabilidad.--</subfield>
    <subfield code="t">Cap&#xED;tulo 9. Derecho a elegir y ser elegido.--</subfield>
    <subfield code="t">Cap&#xED;tulo 10. Control de la corrupci&#xF3;n.--</subfield>
    <subfield code="t">Cap&#xED;tulo 11. Control de la delincuencia.--</subfield>
    <subfield code="t">Cap&#xED;tulo 12. Remediaci&#xF3;n del medio ambiente.--</subfield>
    <subfield code="t">Cap&#xED;tulo 13. Retos del sistema impositivo.-- </subfield>
    <subfield code="t">Cap&#xED;tulo 14. Reto en la producci&#xF3;n agropecuaria.--</subfield>
    <subfield code="t">Cap&#xED;tulo 15. Manipulaci&#xF3;n de la salud p&#xFA;blica.--</subfield>
    <subfield code="t">Cap&#xED;tulo 16. Saneamiento de las conquistas laborales.--</subfield>
    <subfield code="t">Cap&#xED;tulo 17. Tent&#xE1;culos del dinero sucio.</subfield>
    <subfield code="t">Cap&#xED;tulo 18. Depredaci&#xF3;n financiera de los pueblos.--</subfield>
    <subfield code="t">Cap&#xED;tulo 19. Fundamentos del desarrollo sostenible.--</subfield>
    <subfield code="t">Cap&#xED;tulo 20. Proyecto modelo de Constituci&#xF3;n.--</subfield>
    <subfield code="t">Biograf&#xED;a.</subfield>
  </datafield>
  <datafield tag="590" ind1=" " ind2=" ">
    <subfield code="a">Inventariado 2024 / MF</subfield>
  </datafield>
  <datafield tag="650" ind1=" " ind2="4">
    <subfield code="a">Pol&#xED;tica y gobierno</subfield>
    <subfield code="z">Rep&#xFA;blica Dominicana</subfield>
    <subfield code="9">79280</subfield>
  </datafield>
  <datafield tag="650" ind1=" " ind2="4">
    <subfield code="a">Corrupci&#xF3;n administrativa</subfield>
    <subfield code="z">Rep&#xFA;blica Dominicana</subfield>
    <subfield code="9">78590</subfield>
  </datafield>
  <datafield tag="942" ind1=" " ind2=" ">
    <subfield code="2">ddc</subfield>
    <subfield code="c">LBS1</subfield>
  </datafield>
  <datafield tag="952" ind1=" " ind2=" ">
    <subfield code="0">0</subfield>
    <subfield code="1">0</subfield>
    <subfield code="2">ddc</subfield>
    <subfield code="5">1</subfield>
    <subfield code="7">0</subfield>
    <subfield code="8">PD</subfield>
    <subfield code="a">BNPHU</subfield>
    <subfield code="b">BNPHU</subfield>
    <subfield code="c">HD</subfield>
    <subfield code="d">2021-04-22</subfield>
    <subfield code="e">Dep&#xF3;sito legal</subfield>
    <subfield code="l">0</subfield>
    <subfield code="o">R457c</subfield>
    <subfield code="p">2021-26071</subfield>
    <subfield code="r">2021-09-03</subfield>
    <subfield code="w">2021-09-03</subfield>
    <subfield code="y">LBS1</subfield>
  </datafield>
  <datafield tag="952" ind1=" " ind2=" ">
    <subfield code="0">0</subfield>
    <subfield code="1">0</subfield>
    <subfield code="2">ddc</subfield>
    <subfield code="5">1</subfield>
    <subfield code="7">0</subfield>
    <subfield code="8">PD</subfield>
    <subfield code="a">BNPHU</subfield>
    <subfield code="b">BNPHU</subfield>
    <subfield code="c">HD</subfield>
    <subfield code="d">2021-04-22</subfield>
    <subfield code="e">Dep&#xF3;sito legal </subfield>
    <subfield code="l">0</subfield>
    <subfield code="o">R457c</subfield>
    <subfield code="p">2021-27508</subfield>
    <subfield code="r">2021-10-20</subfield>
    <subfield code="t">e.2</subfield>
    <subfield code="w">2021-10-20</subfield>
    <subfield code="y">LBS1</subfield>
    <subfield code="z">Ejemplar autografiado por el autor</subfield>
  </datafield>
  <datafield tag="952" ind1=" " ind2=" ">
    <subfield code="0">0</subfield>
    <subfield code="1">0</subfield>
    <subfield code="2">ddc</subfield>
    <subfield code="5">6</subfield>
    <subfield code="7">0</subfield>
    <subfield code="8">DS</subfield>
    <subfield code="a">BNPHU</subfield>
    <subfield code="b">BNPHU</subfield>
    <subfield code="c">HD</subfield>
    <subfield code="d">2021-04-22</subfield>
    <subfield code="e">Dep&#xF3;sito legal</subfield>
    <subfield code="l">0</subfield>
    <subfield code="o">R457c</subfield>
    <subfield code="p">2021-27509</subfield>
    <subfield code="r">2021-10-20</subfield>
    <subfield code="t">e.3</subfield>
    <subfield code="w">2021-10-20</subfield>
    <subfield code="y">LBS1</subfield>
  </datafield>
  <datafield tag="999" ind1=" " ind2=" ">
    <subfield code="c">50405</subfield>
    <subfield code="d">50405</subfield>
  </datafield>
</record>
